|
วิทยาลัยพยาบาลบรมราชชนนี ยะลา |
|
แสดงรายละเอียดบรรณานุกรม |
|
|
Brief Record
: Get Marc (ISO 2709)
: E-mail record
: |
|
|
|
| LEADER 00000nam 2200000uu 4500 | |||
| 001 3841 | |||
| 003 ULIBM | |||
| 008 260410s2568||||th 000 0 tha d | |||
| 020 ^a9786162019944 | |||
| 050 4 ^aPL4163^bว559ห | |||
| 100 0 ^aวิเชียร เกษประทุม | |||
| 245 10 ^aหลักภาษาไทย : คู่มือการเรียนการสอนภาษาไทยทุกระดับ/^cวิเชียร เกษประทุม | |||
| 250 ^aพิมพ์ครั้งที่ 1 | |||
| 260 ^aกรุงเทพฯ :^bสำนักพิมพ์ พ.ศ.พัฒนา,^c2568. | |||
| 300 ^a495หน้า :^bภาพประกอบ;^c26 ซม. | |||
| 650 7 ^aภาษาไทย ^xไวยากรณ์ | |||
| 999 ^aฮัซวานี | |||
| คุณยังไม่ได้ล็อกอิน คุณสามารถมีกิจกรรมร่วมกับเว็บไซต์ได้ แต่ต้องล็อกอินก่อน :: |
|
| สถานะ | |||||||||
| 1. | หนังสือทั่วไป | PL4163 ว559ห 2568 ฉ.1 | ►หนังสือทั่วไปภาษาไทย | On Shelf | |||||
| 2. | หนังสือทั่วไป | PL4163 ว559ห 2568 ฉ.2 | ►หนังสือทั่วไปภาษาไทย | On Shelf | |||||
| 3. | หนังสือทั่วไป | PL4163 ว559ห 2568 ฉ.3 | ►หนังสือทั่วไปภาษาไทย | On Shelf | |||||
| 4. | หนังสือทั่วไป | PL4163 ว559ห 2568 ฉ.4 | ►หนังสือทั่วไปภาษาไทย | On Shelf | |||||
| 5. | หนังสือทั่วไป | PL4163 ว559ห 2568 ฉ.5 | ►หนังสือทั่วไปภาษาไทย | On Shelf | |||||
| [แสดง 5/5 รายการ] | |||||||||
BibComment |
| คอมเมนท์ทรัพยากรรายการนี้ |
|
|